000 03984nam a2200265Ia 4500
003 Ost
005 20260507074936.0
008 260507s9999||||xx |||||||||||||| ||und||
020 _a9957121316
040 _cfsecg
041 _aara
082 _a658.7
100 _aحسين، جاسم ناصر
_eمؤلف
245 0 _aتخطيط ورقابة التخزين /
_c جاسم ناصر حسين
260 _aعمان:
_bدار اليازوري,
_c2008
300 _a440 صفحة؛
_bإيضاحات ؛
_c25 سم
504 _aبيبليوغرافيا ص.437
520 _aالمقدمة- الباب الأول: تخطيط الخزين: الفصل الأول: مفهوم الخزين وأهميته: ماذا يعني الخزين؟:أهمية الخزين:أنواع الخزين:أهداف وفوائد تخطيط الخزين:الفصل الثاني: مفاهيم أساسية في مجال تخطيط الخزين: تكاليف الخزين:تكاليف الطلب:معدل الخزين:معدل الاستهلاك:الفصل الثالث: تقدير الطلب على المواد التخزينية: أسلوب الخبرة الشخصية:السلاسل الزمنية:أسلوب المربعات الصغرى:معامل الارتباط:الفصل الرابع: التخطيط العلمي لشراء الاحتياجات من المواد في حالة الاستهلاك المنتظم: أصناف الخزين:كمية الطلب الاقتصادية:شراء الاحتياجات الآنية والمفاضلة بين عروض الموردين:الفصل الخامس: التخطيط العلمي للخزين في حالة الاستهلاك المتغير: عنصر المخاطرة في تخطيط الخزين:مصادر عدم التأكد في تخطيط الخزين:وسائل التغلب على حالة عدم التأكد في تخطيط الخزين:الفصل السادس: التخطيط لبواقي ومخلفات الإنتاج والخزين والتخطيط لقطع الغيار: مصادر المخلفات:التخطيط لبواقي ومخلفات الإنتاج:التخطيط لقطع الغيار (الأدوات الاحتياطية):الفصل السابع: تخطيط الاحتياجات من المواد: التعريف بتخطيط الاحتياجات من المواد:مدخلات نظام تخطيط الاحتياجات من المواد:مخرجات تخطيط احتياجات المواد:أسلوب التخطيط للاحتياجات من المواد:أساليب تقدير حجم الطلبية- الباب الثاني: الرقابة على الخزين: الفصل الثامن: مفاهيم في الرقابة على الخزين: مفهوم أهميةالرقابة على الخزين:أهداف ومقومات الرقابة على الخزين:مجالات الرقابة على الخزين:خطوات الرقابة على الخزين:مستلزمات الرقابة الفعالة على الخزين:الفصل التاسع: نطاق وأساسيات مراقبة الخزين: التحليل الثلاثي (أ، ب، ج):السياسات الأساسية لمراقبة الخزين:أسس اختيار النظام المناسب:الفصل العاشر: أدواتالرقابة على الخزين: الجرد:الموازنة التقديرية:مستويات الخزين:التقارير:الفصل الحادي عشر: استخدام الحاسبات الإلكترونية في الرقابة على الخزين: مفهوم وأهمية الرقابة الآلية على الخزين:معوقات استخدام نظام الرقابة الآلي في منشآتنا:نظام الرقابة على الخزين باستخدام الحاسبات الإلكترونية.
653 _aالتخطيط
653 _aالرقابة
653 _aالمخازن
653 _aالمخزون -مراقبة
700 _aالنجار، صباح مجيد
_eمؤلف ثانوي
942 _cكتاب
999 _c41893
_d41893